The little red book of wisdom / (Record no. 49634)
| 000 -LEADER | |
|---|---|
| fixed length control field | 00362nam a2200121 4500 |
| 020 ## - INTERNATIONAL STANDARD BOOK NUMBER | |
| International Standard Book Number | 9780785221685 |
| 100 ## - MAIN ENTRY--PERSONAL NAME | |
| Personal name | DeMoss, Mark. |
| 9 (RLIN) | 86750 |
| 245 ## - TITLE STATEMENT | |
| Title | The little red book of wisdom / |
| Statement of responsibility, etc | Mark DeMoss. |
| 260 ## - PUBLICATION, DISTRIBUTION, ETC. (IMPRINT) | |
| Place of publication, distribution, etc | Nashville: |
| Name of publisher, distributor, etc | Thomas Nelson; |
| Date of publication, distribution, etc | 2007. |
| 300 ## - PHYSICAL DESCRIPTION | |
| Extent | 169 p. |
| Dimensions | 19 cm. |
| 650 ## - SUBJECT ADDED ENTRY--TOPICAL TERM | |
| Topical term or geographic name as entry element | Conduct of life. Success - religious aspects. |
| 9 (RLIN) | 86751 |
| 942 ## - ADDED ENTRY ELEMENTS (KOHA) | |
| Source of classification or shelving scheme | |
| Koha item type | Teacher's Resources |
| Withdrawn status | Lost status | Source of classification or shelving scheme | Damaged status | Not for loan | Collection code | Home library | Current library | Shelving location | Date acquired | Total Checkouts | Full call number | Barcode | Date last seen | Date checked out | Price effective from | Koha item type |
|---|---|---|---|---|---|---|---|---|---|---|---|---|---|---|---|---|
| TEACHERS' RESOURCES | Asian Hope Secondary Library | Asian Hope Secondary Library | SECONDARY | 10/09/2025 | 1 | 170.44 DEM | 208291 | 02/24/2026 | 01/20/2026 | 10/09/2025 | Teacher's Resources |